Normal view
MARC view
- شبة الجزيرة العربي - رحلات، الحجاز رحلات
Entry Topical Term
001 - CONTROL NUMBER
- control field: 49507
003 - CONTROL NUMBER IDENTIFIER
- control field: JO-AjAnu
005 - DATE AND TIME OF LATEST TRANSACTION
- control field: 20230606082146.0
008 - FIXED-LENGTH DATA ELEMENTS
- fixed length control field: 230606|| aca||aabn | a|a d
040 ## - CATALOGING SOURCE
- Original cataloging agency: JO-AjAnu
- Transcribing agency: JO-AjAnu
150 ## - HEADING--TOPICAL TERM
- Topical term or geographic name entry element: شبة الجزيرة العربي - رحلات، الحجاز رحلات
670 ## - SOURCE DATA FOUND
- Source citation: Work cat.: (JO-AjAnu)25316: بيركهارت، جون لويس؛ ترجمة أبو غوش، فيصل أديب, author 49506, رحلات في الديار المقدسة والتوبة والحجاز، الجزء الأول